|
|
|
|
| LEADER |
00000nam0a2200000 4500 |
| 001 |
272665 |
| 005 |
20231101234545.0 |
| 035 |
|
|
|a (RuTPU)RU\TPU\book\295872
|
| 090 |
|
|
|a 272665
|
| 100 |
|
|
|a 20141020d1960 k y0rusy50 ca
|
| 101 |
0 |
|
|a rus
|
| 102 |
|
|
|a RU
|
| 105 |
|
|
|a a z 001zy
|
| 200 |
1 |
|
|a Геологическое строение полуострова Шмидта на Сахалине
|f И. И. Ратновский
|
| 210 |
|
|
|a Ленинград
|c Гостоптехиздат
|d 1960
|
| 215 |
|
|
|a 106 с.
|c ил.
|
| 225 |
1 |
|
|a Труды Всесоюзного нефтяного научно-исследовательского геологоразведочного института (ВНИГРИ)
|v Вып. 146
|
| 320 |
|
|
|a Библиогр.: с. 103-104.
|
| 606 |
1 |
|
|a Геология
|y СССР
|2 stltpush
|3 (RuTPU)RU\TPU\subj\72333
|9 34079
|
| 610 |
1 |
|
|a исследования
|
| 610 |
1 |
|
|a орогидрография
|
| 610 |
1 |
|
|a стратиграфия
|
| 610 |
1 |
|
|a тектоника
|
| 610 |
1 |
|
|a Сахалин
|
| 610 |
1 |
|
|a полуостров Шмидта
|
| 610 |
1 |
|
|a третичные отложения
|
| 610 |
1 |
|
|a нефтеносность
|
| 675 |
|
|
|a 55(47+57)
|v 3
|
| 700 |
|
1 |
|a Ратновский
|b И. И.
|g Иван Иванович
|
| 801 |
|
1 |
|a RU
|b 63413507
|c 20141020
|
| 801 |
|
2 |
|a RU
|b 63413507
|c 20210513
|g RCR
|
| 942 |
|
|
|c BK
|